A m. kir. Kúria legújabb gyakorlata köteléki és nőtartási perekben (anyagi jog) Dr. Westermayer Vidor, a m. kir. Kúria ny. tanácselnöke előszavával. Irta és összeállította Dr. Hajnal Henrik... : [könyvismertetés] /

Elmentve itt :
Bibliográfiai részletek
Szerző: Szigeti László
További közreműködők: Hajnal Henrik
Dokumentumtípus: Cikk
Megjelent: 1936
Sorozat:Polgári jog : a hazai és külföldi magánjog és hiteljog szemléje 12
Kulcsszavak:Eljárásjog peres eljárások könyvismertetés
Online Access:http://misc.bibl.u-szeged.hu/15855
LEADER 00875nab a2200181 i 4500
001 misc15855
005 20191106142207.0
008 170607s1936 hu o 0|| hun d
040 |a SZTE Miscellanea Repozitórium  |b hun 
041 |a hun 
100 1 |a Szigeti László 
245 1 2 |a A m. kir. Kúria legújabb gyakorlata köteléki és nőtartási perekben (anyagi jog) Dr. Westermayer Vidor, a m. kir. Kúria ny. tanácselnöke előszavával. Irta és összeállította  |h [elektronikus dokumentum] :  |b Dr. Hajnal Henrik... : [könyvismertetés] /  |c ifj. Szigeti László 
260 |c 1936 
300 |a 144-147a 
490 0 |a Polgári jog : a hazai és külföldi magánjog és hiteljog szemléje  |v 12 
695 |a Eljárásjog peres eljárások könyvismertetés 
700 0 1 |a Hajnal Henrik 
856 4 0 |u http://misc.bibl.u-szeged.hu/15855/1/polgari_jog_1936_144-147a.pdf  |z Dokumentum-elérés